LEADER 00754nam a2200205 i 4500 001 000000067945 003 CaOOAMICUS 005 20100614000000.0 008 100614s1929 fr u000 u fre u 013 $a39117 040 $aSeMil$bita 100 1 $aByrne, Ethna.$0(OLS)http://semarc/name/33955 245 10$aBourdaloue moraliste /$cpar Ethna Byrne. 260 $aParis :$bBeauchesne,$c1929. 300 $a504 p. ;$c22 cm. 600 14$aBourdaloue, Louis .$0(OLS)http://semarc/subject/2387 850 $aSeMil 852 $aSeMil$W1$xVenegono$y1$m2O II 52$j34098$B34098$CSeMilBibl$Z2$F34101 $81 996 $6245$aBourdaloue moraliste$9(OLS)http://semarc/title/108370 996 $6260$aParis :$bBeauchesne$9(OLS)http://semarc/publisher/29638 LEADER 01142nam a2200265 i 4500 001 000000171518 003 CaOOAMICUS 005 20260424091510.0 008 080430s2008 it u000 u ita u 013 $a148949 020 $a978-88-311-3631-0 040 $aSeMil$bita 100 1 $aGrasso, Santi,$d<1961- >.$0(OLS)http://semarc/name/328 245 13$aIl vangelo di Giovanni :$bcommento esegetico e teologico /$cSanti Grasso. 260 $aRoma :$bCittà Nuova,$c2008. 300 $a982 p. ;$c24 cm. 504 $aBibliografia generale, p. 877-899 650 4$aBibbia. Nuovo Testamento. Vangelo secondo Giovanni - Commentari, studi, critica, interpretazioni.$0(OLS)http://semarc/subject/119 850 $aSeMil 852 $aSeMil$W1$xVenegono$y1$m2Z IV 19$j270831$B122387$CSeMilBibl$Z2$F134004 $81 961 $aOmaggio per recensione: Scuola Cattolica 996 $6020$a978-88-311-3631-0$9(OLS)http://semarc/number/158630 996 $6245$aIl vangelo di Giovanni :$bcommento esegetico e teologico$9(OLS)http://semarc/title/245394 996 $6260$aRoma :$bCittà Nuova$9(OLS)http://semarc/publisher/29609